Miejscowości gminy Krzeszowice - Statystyki

Ogólne statystyki
  • Ten quiz został rozwiązany 101 razy
  • Średni wynik to 12 z 19
Statystyki odpowiedzi
podpowiedź odpowiedź % Poprawnych
miasto Krzeszowice
98%
wieś Filipowice
77%
wieś Tenczynek
77%
wieś Wola Filipowska
74%
wieś Nawojowa Góra
72%
wieś Zalas
72%
wieś Czerna
67%
wieś Nowa Góra
67%
wieś Ostrężnica
67%
wieś Frywałd
63%
wieś Rudno
60%
wieś Paczółtowice
58%
wieś Sanka
58%
wieś Miękinia
53%
wieś Dubie
49%
wieś Siedlec
44%
wieś Żary
44%
wieś Dębnik
37%
wieś Łany
23%
Nie znaleziono quizów pasujących do podanych kryteriów
Rozkład punktacji
Procent ludzi z każdym wynikiem
Percentyl według liczby udzielonych odpowiedzi
Twoja historia wyników
Nie rozwiązałeś tego quizu